READ AND THINK ENGLISH (Record no. 11870)
[ view plain ]
| 000 -LEADER | |
|---|---|
| fixed length control field | 00347nam a2200133Ia 4500 |
| 008 - FIXED-LENGTH DATA ELEMENTS--GENERAL INFORMATION | |
| fixed length control field | 240624s9999 xx 000 0 und d |
| 041 ## - LANGUAGE CODE | |
| Language code of text/sound track or separate title | eng |
| 082 ## - DEWEY DECIMAL CLASSIFICATION NUMBER | |
| Classification number | 420 ETE |
| 100 ## - MAIN ENTRY--PERSONAL NAME | |
| Personal name | THE EDITORS OF THINK ENGLISH |
| 245 ## - TITLE STATEMENT | |
| Title | READ AND THINK ENGLISH |
| 260 ## - PUBLICATION, DISTRIBUTION, ETC. | |
| Date of publication, distribution, etc. | 2008 |
| Place of publication, distribution, etc. | New York |
| Name of publisher, distributor, etc. | McGraw-Hill Education |
| 300 ## - PHYSICAL DESCRIPTION | |
| Extent | 205 : p. : 23 : cm. |
| 365 ## - TRADE PRICE | |
| Currency code | |
| Price amount | 30 |
| Withdrawn status | Lost status | Damaged status | Not for loan | Home library | Current library | Shelving location | Date acquired | Source of acquisition | Cost, normal purchase price | Total Holds | Full call number | Barcode | Date last seen | Copy number | Price effective from | Koha item type |
|---|---|---|---|---|---|---|---|---|---|---|---|---|---|---|---|---|
| Store Books | IMTN | IMTN | Rack 15-B | 12/08/2008 | BWE | 19.95 | 6039 | 420 ETE | 11870 | 06/24/2024 | 51.2 | 06/24/2024 | Books |